El misterio del ministerio. (Record no. 33631)
[ view plain ]
| 000 -CABECERA | |
|---|---|
| campo de control de longitud fija | 00660nam a2200241 4500 |
| 003 - IDENTIFICADOR DEL NÚMERO DE CONTROL | |
| campo de control | OSt |
| 005 - FECHA Y HORA DE LA ÚLTIMA TRANSACCIÓN | |
| campo de control | 20190325100347.0 |
| 008 - DATOS DE LONGITUD FIJA--INFORMACIÓN GENERAL | |
| campo de control de longitud fija | 190325b xxu||||| |||| 00| 0 spa d |
| 020 ## - ISBN | |
| Número Internacional Estándar del Libro | 84-9784-035-6 |
| 040 ## - FUENTE DE LA CATALOGACIÓN | |
| Centro/agencia transcriptor | Biblioteca Ernesto Sábato |
| 092 ## - SIGNATURA TOPOGRÁFICA | |
| Número de clasificación | 325.3 |
| Libristica | B769 |
| Sector | JLS |
| 100 ## - Autor Personal | |
| Nombre de persona | Bourdieu, Pierre |
| 245 ## - MENCIÓN DE TÍTULO | |
| Título | El misterio del ministerio. |
| Resto del título | Pierre Bourdieu y la política democrática |
| 260 ## - PUBLICACIÓN, DISTRIBUCIÓN, ETC. (PIE DE IMPRENTA) | |
| Lugar de publicación, distribución, etc. | Barcelona |
| Nombre del editor, distribuidor, etc. | Gedisa |
| Fecha de publicación, distribución, etc. | 2005 |
| 300 ## - DESCRIPCIÓN FÍSICA | |
| Paginas | 230 p |
| 440 ## - MENCIÓN DE SERIE/PUNTO DE ACCESO ADICIONAL--TÍTULO | |
| Título | Cla De Ma |
| Nombre de parte o sección de la obra | Sociología |
| 650 ## - Descriptores Tematicos | |
| Término de materia o nombre geográfico como elemento inicial | IMPERIALISMO |
| 650 ## - Descriptores Tematicos | |
| Término de materia o nombre geográfico como elemento inicial | DEMOCRACIA |
| 650 ## - Descriptores Tematicos | |
| Término de materia o nombre geográfico como elemento inicial | /JLS/ |
| 700 ## - Coautores y traductores | |
| Nombre de persona | Patrick Champagne |
| 700 ## - Coautores y traductores | |
| Nombre de persona | Löic Wacquant, coord. |
| 942 ## - ELEMENTOS DE PUNTO DE ACCESO ADICIONAL (KOHA) | |
| Fuente del sistema de clasificación o colocación | Dewey Decimal Classification |
| Tipo de ítem Koha | JLS |
| Estado de retiro | Estado de pérdida | Fuente del sistema de clasificación o colocación | Estado dañado | No para préstamo | Localización permanente | Ubicación/localización actual | Fecha de adquisición | Número de inventario | Total de préstamos | Signatura topográfica completa | Código de barras | Fecha visto por última vez | Precio válido a partir de | Tipo de ítem Koha |
|---|---|---|---|---|---|---|---|---|---|---|---|---|---|---|
| Dewey Decimal Classification | Biblioteca Ernesto Sabato - FADECS - UNCOMA | Biblioteca Ernesto Sabato - FADECS - UNCOMA | 25/03/2019 | 24370 | 325.3 B769 | 24370 | 25/03/2019 | 25/03/2019 | JLS |